000 00278nam a22001217a 4500
999 _c15497
_d15497
020 _a8170141362
082 _a658.1
_bPRA/OR
100 _aPrasad, L.M
_93250
245 _aOrganisational behaviour
260 _aNew Delhi
_bSultan Chand& Sons
_c1997
300 _a550
942 _cBK